| 000 | 00790nam a2200265Ia 4500 | ||
|---|---|---|---|
| 003 | OSt | ||
| 005 | 20221007123940.0 | ||
| 006 | a|||||r|||| 00| 0 | ||
| 007 | ta | ||
| 008 | 221006b |||||||| |||| 00| 0 eng d | ||
| 020 | _a8122412688 (pbk) | ||
| 024 | _a82473 | ||
| 037 |
_b193, 25/11/2008, Dhanraj Book House _cTextbook |
||
| 040 |
_aCDL _cCDL _beng |
||
| 041 |
_2eng _aeng |
||
| 082 | _aE5:28, P6;2-;3 Carc | ||
| 100 | _aKalsi P S | ||
| 245 | 0 | _aOrganic reactions and their machanisms | |
| 250 | _a2 | ||
| 260 |
_aNew _bDelhi New Age International (P) Ltd. _c2000 |
||
| 300 |
_axv, 650p. _ccm. |
||
| 500 | _aIndex 643-650p. | ||
| 942 |
_hE5:28, P6;2-;3 Carc _cTB _2CC |
||
| 999 |
_c1212695 _d1212695 |
||